000 01503nam a22002777a 4500
003 OSt
005 20260124091954.0
008 230628b ||||| |||| 00| 0 eng d
040 _cSSBUL
041 _ashan
082 _223
_a294.3443
100 0 _aပၢၼ်းသႅင်း(ဝၢၼ်ႈၸိင်း - မိူင်းၼွင်)၊
_cၶူးမေႃလိၵ်ႈ၊ သြႃႇ။
_928905
245 1 0 _aၸိင်ႇတႃႇမၼိၵႃႇထႃႇ လႄႈ ပရိမိတ်တၸႃႇလသုတ်ႈ သွင်ပပ်ႉႁူမ်ႈၵၼ် ဢွင်ႇၶျၢမ်းသႃႇရတၼႃႇၸု /
_cၶူးမေႃလိၵ်ႈသြႃႃႇ ပၢၼ်းသႅင်း(ဝၢၼ်ႈၸိင်း - မိူင်းၼွင်)။
250 _aပွၵ်ႈၵမ်း-3
260 _aတႃႈၵုင်ႈ၊
_bမိတ်ႉတႃႇမူဝ်းပူင်ႇၼဵၵ်ႉတၢႆႉ၊
_c1996။
300 _a142 ၼႃႈ၊
_c24 ၸိၼ်ႇတီႇ။
500 _aS-SAT: Dr. Prof Sai Aung Tun
500 _aပပ်ႉၸဝ်ႈတႃႇၼႁင်းၶေႃတွၵ်ႉတိူဝ်ႇၸၢႆးဢွင်ႇထုၼ်းလူႇတၢၼ်းဝႆႉ
650 _aတြႃးၽြႃးပဵၼ်ၸဝ်ႈ
650 _aသုတ်ႉတၼ်ႇတပိတၵ
_928906
942 _cBK1
942 _2ddc
942 _2ddc
942 _2ddc
942 _2ddc
999 _c26446
_d26446